Normal view
MARC view
- Gestión educacional
Entry Materia
Number of records used in: 216
001 - NÚMERO DE CONTROL DEL REGISTRO
- campo de control: 2848
003 - IDENTIFICADOR DE NUMERO DE CONTROL
- campo de control: MX-MxUPN
005 - FECHA Y HORA DE LA ÚLTIMA TRANSACCIÓN
- campo de control: 20250617105509.0
008 - DATOS DE LONGITUD FIJA
- campo de control de longitud fija: 250617n| acnnnbabn | ana |d
035 ## - NÚMERO DE CONTROL DEL SISTEMA
- Número de control del sistema: UPN10000002848
040 ## - FUENTE DE LA CATALOGACIÓN
- Centro catalogador de origen: MX-MxUPN
- Lengua de catalogación: spa
- Agencia de transcripción: MX-MxUPN
150 ## - ENCABEZAMIENTO - TEMÁTICO
- Término de materia o nombre geográfico como elemento inicial: Gestión educacional
450 ## - VÉASE - MATERIA
- Encabezamiento temático: Gestión educativa
670 ## - FUENTE EN LA QUE SE LOCALIZARON DATOS
- Cita de la fuente: U/T
- Información localizada: La gestión escolar y la calidad de la educación secundaria
680 ## - NOTA GENERAL CON DESPLIEGUE PÚBLICO
- Texto explicativo: Se refiere a un nivel macro del Sistema Educativo Nacional
902 ## - CATALOGADOR
- Catalogador: MMA/110201
